<?xml version="1.0" encoding="UTF-8"?>
<collection xmlns="http://www.loc.gov/MARC21/slim">
<record>
  <controlfield tag="001">164186</controlfield>
  <controlfield tag="005">20251127172930.0</controlfield>
  <datafield tag="024" ind1="7" ind2=" ">
    <subfield code="2">doi</subfield>
    <subfield code="a">10.3390/jcm14217742</subfield>
  </datafield>
  <datafield tag="024" ind1="8" ind2=" ">
    <subfield code="2">sideral</subfield>
    <subfield code="a">146364</subfield>
  </datafield>
  <datafield tag="037" ind1=" " ind2=" ">
    <subfield code="a">ART-2025-146364</subfield>
  </datafield>
  <datafield tag="041" ind1=" " ind2=" ">
    <subfield code="a">eng</subfield>
  </datafield>
  <datafield tag="100" ind1=" " ind2=" ">
    <subfield code="a">Romero-Sanz, María</subfield>
    <subfield code="u">Universidad de Zaragoza</subfield>
    <subfield code="0">(orcid)0000-0003-2797-5011</subfield>
  </datafield>
  <datafield tag="245" ind1=" " ind2=" ">
    <subfield code="a">Oculomotor Control in Preterm Infants: Insights from Eye-Tracking Technology</subfield>
  </datafield>
  <datafield tag="260" ind1=" " ind2=" ">
    <subfield code="c">2025</subfield>
  </datafield>
  <datafield tag="520" ind1="3" ind2=" ">
    <subfield code="a">Background/Objectives: This study aims to investigate the development of oculomotor behavior in children born preterm using a DIVE device (Device for an Integral Visual Examination) equipped with eye-tracking technology. Visual and visuo-cognitive measures obtained through eye-tracking technology provide quantitative and sensitive indicators of early neural development, as visual function is one of the earliest cerebral processes to develop postnatally. Design: This is a cross-sectional study. Participants: The study included 428 children aged 0.5 to 14 years. Of these, 214 were born preterm (78 late preterm, born at 32–36 weeks’ gestation, and 136 early preterm, born at less than 32 weeks’ gestation) and 214 were full-term controls, matched by age and gender. Methods: All participants underwent a comprehensive ophthalmological assessment. Oculomotor behavior was analyzed using a DIVE device, focusing on fixation duration, saccadic performance and fixation stability. Fixation stability was quantified by the bivariate contour ellipse area for short tasks (BCEA), which measures (in deg2) the area of the ellipse enclosing a specified percentage of fixation positions—smaller BCEA values indicate greater fixation stability. We performed a cluster analysis on these oculomotor metrics to identify distinct oculomotor control patterns. Results: Preterm children exhibited significantly poorer fixation stability than controls (mean BCEA 0.21 vs. 0.09 logdeg2, p = 0.004), alongside shorter fixation durations and longer saccadic reaction times. Early preterm children showed more unstable fixations compared to late-preterm and control groups (0.26 vs. 0.12 and 0.09 logdeg2, respectively, p = 0.001). Cluster analysis revealed three distinct OMC (oculomotor control) patterns: “good,” “impulsive,” and “poor.” Children classified in the “good OMC” cluster demonstrated stable fixations and appropriate saccadic reaction times. In contrast, those in the “impulsive OMC” and “poor OMC” clusters exhibited more unstable fixations and abnormal saccadic times, with the “poor” cluster being significantly associated with extreme prematurity, lower birth weights, and a higher incidence of intraventricular hemorrhage (IVH). Conclusions: Preterm birth is associated with measurable oculomotor deficits, most pronounced in early preterm infants, affecting their fixation and saccadic abilities. The findings emphasize the need for targeted interventions to support the development of preterm children, particularly those with “poor” oculomotor control behavior.</subfield>
  </datafield>
  <datafield tag="506" ind1="0" ind2=" ">
    <subfield code="a">Access copy available to the general public</subfield>
    <subfield code="f">Unrestricted</subfield>
  </datafield>
  <datafield tag="536" ind1=" " ind2=" ">
    <subfield code="9">info:eu-repo/grantAgreement/ES/ISCIII/FIS/PI21-01977</subfield>
    <subfield code="9">info:eu-repo/grantAgreement/ES/ISCIII/RD21-0012-0012</subfield>
    <subfield code="9">info:eu-repo/grantAgreement/ES/MICINN/PTQ-010775</subfield>
    <subfield code="9">info:eu-repo/grantAgreement/ES/UZ/DI 7/2020</subfield>
  </datafield>
  <datafield tag="540" ind1=" " ind2=" ">
    <subfield code="9">info:eu-repo/semantics/openAccess</subfield>
    <subfield code="a">by</subfield>
    <subfield code="u">https://creativecommons.org/licenses/by/4.0/deed.es</subfield>
  </datafield>
  <datafield tag="655" ind1=" " ind2="4">
    <subfield code="a">info:eu-repo/semantics/article</subfield>
    <subfield code="v">info:eu-repo/semantics/publishedVersion</subfield>
  </datafield>
  <datafield tag="700" ind1=" " ind2=" ">
    <subfield code="a">Pérez-Roche, Teresa</subfield>
  </datafield>
  <datafield tag="700" ind1=" " ind2=" ">
    <subfield code="a">Vilella Cenis, Marina</subfield>
    <subfield code="0">(orcid)0000-0002-5592-8442</subfield>
  </datafield>
  <datafield tag="700" ind1=" " ind2=" ">
    <subfield code="a">Alejandre Escriche, Adrián</subfield>
  </datafield>
  <datafield tag="700" ind1=" " ind2=" ">
    <subfield code="a">Esteban-Ibañez, Eduardo</subfield>
  </datafield>
  <datafield tag="700" ind1=" " ind2=" ">
    <subfield code="a">Ortin Obon, Marta</subfield>
    <subfield code="0">(orcid)0000-0003-3161-3793</subfield>
  </datafield>
  <datafield tag="700" ind1=" " ind2=" ">
    <subfield code="a">Lacort-Beltrán, Marta</subfield>
  </datafield>
  <datafield tag="700" ind1=" " ind2=" ">
    <subfield code="a">Prieto Calvo, Esther</subfield>
  </datafield>
  <datafield tag="700" ind1=" " ind2=" ">
    <subfield code="a">Castillo Castejón, Olimpia</subfield>
  </datafield>
  <datafield tag="700" ind1=" " ind2=" ">
    <subfield code="a">Pueyo Royo, Victoria</subfield>
    <subfield code="u">Universidad de Zaragoza</subfield>
    <subfield code="0">(orcid)0000-0002-1777-0349</subfield>
  </datafield>
  <datafield tag="710" ind1="2" ind2=" ">
    <subfield code="1">1013</subfield>
    <subfield code="2">646</subfield>
    <subfield code="a">Universidad de Zaragoza</subfield>
    <subfield code="b">Dpto. Cirugía</subfield>
    <subfield code="c">Área Oftalmología</subfield>
  </datafield>
  <datafield tag="710" ind1="2" ind2=" ">
    <subfield code="1">1011</subfield>
    <subfield code="2">615</subfield>
    <subfield code="a">Universidad de Zaragoza</subfield>
    <subfield code="b">Dpto. Microb.Ped.Radio.Sal.Pú.</subfield>
    <subfield code="c">Área Medic.Prevent.Salud Públ.</subfield>
  </datafield>
  <datafield tag="773" ind1=" " ind2=" ">
    <subfield code="g">14, 21 (2025), 7742 [15 pp.]</subfield>
    <subfield code="p">J. clin.med.</subfield>
    <subfield code="t">Journal of Clinical Medicine</subfield>
    <subfield code="x">2077-0383</subfield>
  </datafield>
  <datafield tag="856" ind1="4" ind2=" ">
    <subfield code="s">834574</subfield>
    <subfield code="u">http://zaguan.unizar.es/record/164186/files/texto_completo.pdf</subfield>
    <subfield code="y">Versión publicada</subfield>
  </datafield>
  <datafield tag="856" ind1="4" ind2=" ">
    <subfield code="s">2855003</subfield>
    <subfield code="u">http://zaguan.unizar.es/record/164186/files/texto_completo.jpg?subformat=icon</subfield>
    <subfield code="x">icon</subfield>
    <subfield code="y">Versión publicada</subfield>
  </datafield>
  <datafield tag="909" ind1="C" ind2="O">
    <subfield code="o">oai:zaguan.unizar.es:164186</subfield>
    <subfield code="p">articulos</subfield>
    <subfield code="p">driver</subfield>
  </datafield>
  <datafield tag="951" ind1=" " ind2=" ">
    <subfield code="a">2025-11-27-15:16:41</subfield>
  </datafield>
  <datafield tag="980" ind1=" " ind2=" ">
    <subfield code="a">ARTICLE</subfield>
  </datafield>
</record>
</collection>